000 00380pab a2200145 454500
008 180718b1983 xxu||||| |||| 00| 0 eng d
100 _aCohen, Paul T.
245 _aProblems of tenancy and land - lesseness in Northern Thailand
260 _c1983
300 _a244-66
362 _aSept.
650 _aLand Tenure - Thailand
773 _aDeveloping Economics
909 _a12154
999 _c12154
_d12154